Hiérarchie royale - Statistiques

Statistiques générales
  • Ce quiz a été pris 57 fois
  • Le résultat moyen est 7 sur 14
Statistiques - réponses
Hint Réponse % Correct
1. Roi et reine
100%
3 Prince de sang
92%
5 Princes légitimés
92%
6 DUC
85%
8 Comte
77%
2 Dauphin (héritier du trône)
48%
11 Chevalier
46%
9 Vicomte
44%
10 Baron
42%
7 Marquis
42%
SPE Seigneur
25%
12 Ecuyer
17%
SPE Pairs de france
2%
4 Petit fils de france
2%
Aucun quiz correspondant
Distribution des résultats
% des personnes avec chaque résultat
Percentile par nombre de réponses
Votre historique - résultats
Vous n’avez pas pris ce quiz